Microwave engineering / (Record no. 17538)
[ view plain ]
| 000 -LEADER | |
|---|---|
| fixed length control field | 00703cam a2200241 a 4500 |
| 001 - CONTROL NUMBER | |
| control field | 16910802 |
| 005 - DATE AND TIME OF LATEST TRANSACTION | |
| control field | 20130922111934.0 |
| 008 - FIXED-LENGTH DATA ELEMENTS--GENERAL INFORMATION | |
| fixed length control field | 110809s2012 njua b 001 0 eng |
| 020 ## - INTERNATIONAL STANDARD BOOK NUMBER | |
| International Standard Book Number | 0470631554 |
| 020 ## - INTERNATIONAL STANDARD BOOK NUMBER | |
| International Standard Book Number | 9780470631553 |
| 082 00 - DEWEY DECIMAL CLASSIFICATION NUMBER | |
| Classification number | 621.3813 |
| Edition number | 23 |
| Item number | POZ |
| 100 1# - MAIN ENTRY--PERSONAL NAME | |
| Personal name | Pozar, David M. |
| 9 (RLIN) | 33692 |
| 245 10 - TITLE STATEMENT | |
| Title | Microwave engineering / |
| Statement of responsibility, etc | David M. Pozar. |
| 250 ## - EDITION STATEMENT | |
| Edition statement | 4th ed. |
| 260 ## - PUBLICATION, DISTRIBUTION, ETC. (IMPRINT) | |
| Place of publication, distribution, etc | Hoboken, NJ : |
| Name of publisher, distributor, etc | Wiley, |
| Date of publication, distribution, etc | c2012. |
| 300 ## - PHYSICAL DESCRIPTION | |
| Extent | xvii, 732 p. : |
| Other physical details | ill. ; |
| Dimensions | 26 cm. |
| 504 ## - BIBLIOGRAPHY, ETC. NOTE | |
| Bibliography, etc | Includes bibliographical references and index. |
| 650 #0 - SUBJECT ADDED ENTRY--TOPICAL TERM | |
| Topical term or geographic name as entry element | Microwaves. |
| 9 (RLIN) | 9220 |
| 650 #0 - SUBJECT ADDED ENTRY--TOPICAL TERM | |
| Topical term or geographic name as entry element | Microwave devices. |
| 9 (RLIN) | 33693 |
| 650 #0 - SUBJECT ADDED ENTRY--TOPICAL TERM | |
| Topical term or geographic name as entry element | Microwave circuits. |
| 9 (RLIN) | 33694 |
| 653 ## - INDEX TERM--UNCONTROLLED | |
| Resource For college | |
| Arrived date list | September2013 |
| 942 ## - ADDED ENTRY ELEMENTS (KOHA) | |
| Source of classification or shelving scheme | Dewey Decimal Classification |
| Item type | Book - Borrowing |
| Withdrawn status | Item status | Source of classification or shelving scheme | Damaged status | Not for loan | Vendor | Home library | Current library | Shelving location | Date acquired | Source of acquisition | Total Checkouts | Total Renewals | Full call number | Barcode | Date last seen | Date last borrowed | Koha item type | Checked out |
|---|---|---|---|---|---|---|---|---|---|---|---|---|---|---|---|---|---|---|
| Dewey Decimal Classification | Baccah | Central Library | Central Library | First floor | 22/09/2013 | 3 | 5 | 621.3813 POZ | 000028879 | 02/09/2025 | 18/09/2017 | Book - Borrowing | ||||||
| Dewey Decimal Classification | Baccah | Central Library | Central Library | First floor | 22/09/2013 | 6 | 68 | 621.3813 POZ | 000028880 | 15/07/2025 | 13/10/2015 | Book - Borrowing | ||||||
| Dewey Decimal Classification | Baccah | Central Library | Central Library | First floor | 22/09/2013 | 2 | 1 | 621.3813 POZ | 000028881 | 01/10/2015 | 01/10/2015 | Book - Borrowing | 01/11/2015 | |||||
| Dewey Decimal Classification | Baccah | Central Library | Central Library | First floor | 22/09/2013 | 16 | 175 | 621.3813 POZ | 000028882 | 15/07/2025 | 13/02/2023 | Book - Borrowing |